000 01323nam a2200337Ia 4500
001 ebr10654770
003 CaPaEBR
006 m u
007 cr cn|||||||||
008 120224s2012 nyua sb 001 0 eng d
020 _z1619424584 (hbk.)
020 _z9781619424586
020 _z9781619424654 (ebook)
040 _aCaPaEBR
_cCaPaEBR
035 _a(OCoLC)828140662
050 1 4 _aRM292.4.C67
_bC672 2012eb
245 0 0 _aCortisol
_h[electronic resource] :
_bphysiology, regulation and health implications /
_cAlonzo Esposito and Vito Bianchi, editors.
260 _aNew York :
_bNova Science Publishers,
_cc2012.
300 _axi, 162 p. :
_bill.
490 1 _aHuman anatomy and physiology
504 _aIncludes bibliographical references and index.
533 _aElectronic reproduction.
_bPalo Alto, Calif. :
_cebrary,
_d2013.
_nAvailable via World Wide Web.
_nAccess may be limited to ebrary affiliated libraries.
650 0 _aHydrocortisone.
650 0 _aCortisone.
655 7 _aElectronic books.
_2local
700 1 _aBianchi, Vito,
_d1966-
700 1 _aEsposito, Alonzo.
710 2 _aebrary, Inc.
830 0 _aHuman anatomy and physiology series.
856 4 0 _uhttp://site.ebrary.com/lib/rucke/Doc?id=10654770
_zAn electronic book accessible through the World Wide Web; click to view
999 _c76878
_d76878